[Event "Barcelona"]
[Site "Barcelona"]
[Date "1992.05.??"]
[Round "9"]
[White "Magem Badals, Jordi"]
[Black "Sokolov, Ivan"]
[Result "1-0"]
[WhiteElo "2515"]
[BlackElo "2630"]
[Annotator "Blatny,P"]
[PlyCount "73"]
[EventDate "1992.05.??"]
[EventType "tourn"]
[EventRounds "11"]
[EventCountry "ESP"]
[EventCategory "13"]
[SourceTitle "CBM 030"]
[Source "ChessBase"]
[SourceDate "1992.10.01"]
[SourceVersion "1"]
[SourceVersionDate "1992.10.01"]
[SourceQuality "1"]

1. e4 {Ernst} c5 2. Nf3 e6 3. d4 cxd4 4. Nxd4 Nf6 5. Nc3 Nc6 6. Ndb5 d6 7. Bf4
e5 8. Bg5 a6 9. Na3 b5 10. Bxf6 gxf6 11. Nd5 f5 (11... Bg7) 12. Bd3 Be6 13. Qh5
Rg8 (13... Bg7 {--> Varavin-Chernyaev, Moscow 1992, CBM30}) 14. g3 (14. c3 Rxg2
15. Qf3 Rg4 16. exf5 Bxd5 17. Qxd5 Ne7 18. Qb7 Bh6 19. Nc2 Kf8 {Luther-Shirov,
BL 1991}) 14... Rg4 15. f4 {><e5,g5} (15. f3 Rg5 {/\Nd4}) (15. Qxh7 $2 {Ernst}
Nd4 16. O-O-O Rg6 17. Ne3 Rh6 18. Qg8 f6 $19) 15... Bg7 (15... Rg6 {Ernst} 16.
O-O-O Nd4 17. c3 Rh6 18. Qg5 f6 19. Nxf6+ Rxf6 20. cxd4 exf4 21. Kb1 $1 $16)
16. c3 {><d4} b4 {><d4} 17. Nc2 bxc3 18. Nxc3 (18. bxc3 Qa5 $36) 18... exf4 (
18... fxe4 {Ernst} 19. Bxe4 d5 20. O-O-O $1 $16) 19. exf5 Rg5 20. Qxh7 (20. Qh3
Bxc3+ 21. bxc3 Bd5 22. gxf4 Bg2 23. Qxh7 Qe7+ {--> main line}) (20. Qh4 Bxf5
21. Bxf5 Rxf5 $15) 20... Bxc3+ 21. bxc3 Bd5 22. gxf4 (22. Rg1 Kd7 $5 {/\Qe7->})
22... Qe7+ 23. Kd1 (23. Kd2 $2 {Ernst} Rg2+ $1 $132) 23... Bf3+ (23... Bxh1 24.
fxg5 (24. Qh8+ Qf8 (24... Kd7 25. Qxa8 Rg1+ 26. Kd2 Rg2+ 27. Kd1 (27. Kc1 Rxc2+
28. Bxc2 (28. Kxc2 Nd4+ $19 {ףa8}) 28... Qe3+ 29. Kb2 Qb6+ 30. Bb3 Qf2+ 31.
Ka3 Qc5+ 32. Kb2 $10) 27... Rg1+ $10) 25. Qxf8+ Kxf8 26. fxg5 $18) 24... Bf3+
25. Kd2 Qxg5+ 26. Ne3 $14) 24. Kc1 Ne5 {/^a8-h1} (24... Bxh1 $6 25. Qh8+ (25.
fxg5 $2 Qxg5+ 26. Kb2 Rb8+ 27. Nb4 (27. Ka3 Qf6 $1 $19) 27... Qd2+ 28. Bc2 Nxb4
29. cxb4 $8 Qd4+ $1 $19) 25... Kd7 26. Qxa8 Rg1+ 27. Kb2 {+/-/+-}) 25. f6 $1 (
25. fxe5 Bxh1) (25. fxg5 Nxd3+ $19) 25... Qxf6 (25... Nxd3+ {Ernst} 26. Qxd3
Qxf6 27. Re1+ $18) 26. fxe5 (26. fxg5 Qxg5+ {/\Bh1 ->}) 26... Qf4+ 27. Kb2 Qd2
$2 (27... Rb8+ 28. Ka3 (28. Nb4 $2 Rxb4+ $1 29. cxb4 Qxb4+ 30. Kc1 $8 (30. Kc2
{Ernst} Rxe5 $40) 30... Qc3+ 31. Kb1 Bxh1 32. Qh8+ Kd7 $19) 28... Kd7 $13 {עa3
} (28... Kd7 {Ernst} 29. Rhe1 $16)) (27... Bxh1 28. Rxh1 $132) 28. Bb5+ $1 axb5
29. Rhf1 Qd5 (29... b4 30. Rxf3 bxc3+ 31. Rxc3 Rb8+ 32. Rb3 $18) (29... Bd5 {
Ernst} 30. e6 fxe6 31. Qf7+ Kd8 32. Qf8+ Kc7 33. Rf7+ Kb6 34. Qxd6+ Ka5 35. a4
$18) 30. Qh8+ Kd7 31. Qf6 $18 b4 (31... Rxe5 32. Rxf3 $18) 32. Qxg5 bxc3+ 33.
Kc1 dxe5 34. Qe3 Bh5 35. Qxc3 Ke7 36. Qd2 Qc4 37. Qb4+ 1-0

[Event "Madrid"]
[Site "Madrid"]
[Date "1992.??.??"]
[Round "2"]
[White "Yudasin, Leonid"]
[Black "San Segundo Carrillo, Pablo"]
[Result "0-1"]
[WhiteElo "2580"]
[BlackElo "2415"]
[Annotator "Blatny,P"]
[PlyCount "68"]
[EventDate "1992.05.??"]
[EventType "tourn"]
[EventRounds "9"]
[EventCountry "ESP"]
[EventCategory "13"]
[SourceTitle "CBM 030"]
[Source "ChessBase"]
[SourceDate "1992.10.01"]
[SourceVersion "1"]
[SourceVersionDate "1992.10.01"]
[SourceQuality "1"]

1. e4 c5 2. Nf3 Nc6 3. d4 cxd4 4. Nxd4 Nf6 5. Nc3 e5 6. Ndb5 d6 7. Bg5 a6 8.
Na3 (8. Bxf6 gxf6 9. Na3 f5 $36 {Adams-Chandler, Hastings 1991} (9... b5 10.
Nd5 Bg7 {Rigo-Sakaev, Dortmund 1991})) 8... b5 (8... Be6 9. Nc4 Rc8 10. Nd5 $6
{Luther-Ikonnikov, Sochi 1990}) 9. Nd5 Qa5+ (9... Be7 10. Nxe7 (10. Bxf6 Bxf6
11. c3 O-O 12. Nc2 Bb7 13. Be2 (13. a4 bxa4 14. Rxa4 Ne7 {Morris-Hoxie, New
York op 1991}) 13... Bg5 {Tiviakov-Shirov, Oakham 1992}) 10... Nxe7 11. Bd3 {
Wolff-Kuijf, Wijk aan Zee 1992}) 10. Bd2 (10. Qd2 Qxd2+ 11. Bxd2 Nxd5 12. exd5
Ne7 $10) 10... Qd8 11. Nxf6+ (11. Bg5 Qa5+ $10) (11. Bd3 Nxd5 12. exd5 $10)
11... Qxf6 12. c4 (12. Bd3 d5 (12... Be7 13. c4 Qg6 14. O-O Bg4 15. f3 Bh3 16.
Rf2 Bh4 17. Bf1 (17. Re2 $142 Nd4 18. Kh1) 17... Bxf2+ 18. Kxf2 b4 $40 {
Byrne-Conquest, London WFW 1991}) (12... Qd8 13. c4 b4 14. Nc2 Rb8 15. Ne3 Be7
{/\Bg5 Ghinda-Quedro, Luzern (ol) 1982}) (12... Qg6 13. O-O Nd4 14. Kh1 Bb7 15.
c3 $6 Ne6 16. f3 d5 $1 $36) 13. exd5 Nb4 14. Be4 (14. Bxb4 Bxb4+ 15. c3 Bxa3
16. bxa3 e4 $36) 14... Qh4 15. Qf3 Bg4 16. Qe3 $36 {Diaz-Remon, Santa Clara
1991} (16. Qg3 Qxg3 17. hxg3 f5 {Smyslov-Kuzmin, USSR})) 12... Qg6 (12... b4
13. Nc2 Qg6 14. f3 Rb8 15. Ne3 Be7 16. g3 O-O 17. Bg2 {+/= Petrushin-Semenyuk,
USSR 1976}) 13. f3 Be7 14. Kf2 (14. cxb5 Bh4+ (14... Nd4 15. Be3 O-O 16. Bxd4
exd4 17. Qd2 d5 18. Bd3 Bg5 19. Qe2 dxe4 20. Bxe4 Bf5 21. O-O Be3+ $36 {
Anand-Hergott, Thessaloniki (ol) 1984}) 15. g3 Bxg3+ 16. hxg3 Qxg3+ 17. Ke2
Nd4+ 18. Ke3 f5 $40 {Radulov-Cobo, Habana 1969, Gunsberg-Manevich, Israel 1974}
) 14... O-O 15. cxb5 Nd4 16. Nc2 (16. Be3 f5 17. Bxd4 fxe4 $1 18. Be3 Bh4+ 19.
Ke2 Bb7 $40 {Georgadze-Klovsky, USSR 1975}) 16... d5 $1 (16... f5 17. Nxd4) 17.
Nxd4 Bc5 18. Be3 exd4 19. Bxd4 Qb6 20. Ke3 (20. Bxc5 Qxc5+ 21. Kg3 dxe4 22.
fxe4 Bb7 $40) 20... dxe4 21. Bxc5 Qxc5+ 22. Qd4 Qe7 (22... Qg5+ $2 23. f4) 23.
Kf2 (23. Qxe4 Qc5+ {/\Bf5,Re8 -+}) (23. fxe4 Qg5+ {/\Rd8 ->}) (23. f4 Rd8 {
/^a7-g1}) 23... exf3 24. Re1 Be6 25. gxf3 Rfd8 26. Qf4 axb5 27. Kg3 Rxa2 $19
28. Bxb5 Rxb2 29. Bc4 Qc5 30. Bxe6 Qf2+ 31. Kh3 fxe6 32. Rhg1 Rd5 33. Qg3 Rh5+
34. Kg4 Qc5 0-1

[Event "Porz Citroen-Cup"]
[Site "Cologne"]
[Date "1992.??.??"]
[Round "4"]
[White "Morawietz, Dieter"]
[Black "Kalinitschew, Sergey"]
[Result "0-1"]
[WhiteElo "2320"]
[BlackElo "2465"]
[Annotator "Blatny,P"]
[PlyCount "70"]
[EventDate "1992.08.??"]
[EventType "tourn"]
[EventRounds "9"]
[EventCountry "GER"]
[EventCategory "9"]
[SourceTitle "CBM 031"]
[Source "ChessBase"]
[SourceDate "1992.12.01"]
[SourceVersion "1"]
[SourceVersionDate "1992.12.01"]
[SourceQuality "1"]

1. e4 {Ernst} c5 2. Nf3 Nc6 3. d4 cxd4 4. Nxd4 Nf6 5. Nc3 e5 6. Ndb5 d6 7. Bg5
a6 8. Na3 b5 9. Bxf6 gxf6 10. Nd5 f5 11. Bd3 Be6 12. Qh5 Rg8 13. g3 h6 (13...
Rg4 {--> Magem Badals-Sion Castro}) 14. c3 b4 (14... fxe4 $2 15. Bxe4 Bg4 16.
Qh4 $1 {><f6,c7 /^a8-h1}) (14... Bxd5 $6 15. exd5 Ne7 16. Qd1 $1 e4 17. Be2 Bg7
18. Nc2 Qb6 19. a4 $1 $36 {Sideif_Zade-Dolmatov, USSR(ch) 1979}) 15. Nc2 (15.
Nc4 {Ernst} bxc3 16. bxc3 Bxd5 17. exd5 Ne7 18. Qd1 $1 Nxd5 19. Bxf5 Nb6 20.
Qf3 $16) 15... bxc3 16. bxc3 (16. Nxc3 Rg5) 16... Bxd5 17. exd5 Ne7 18. O-O e4
19. Bc4 Rg5 20. Qe2 Bg7 21. Rab1 a5 (21... Bxc3 22. Bxa6 {/\Bc4}) 22. Rb7 Kf8
23. Rfb1 Bxc3 24. Qe3 Be5 25. Nd4 Ng6 (25... Rc8 26. Nc6 Nxc6 27. dxc6 $18) 26.
Nc6 Qf6 27. Ra7 Rxa7 28. Qxa7 f4 29. Nd8 $1 fxg3 30. Ne6+ Kg8 (30... fxe6 $4
31. Rb8+ $18) 31. Rb8+ Kh7 32. hxg3 (32. Nxg5+ $2 hxg5 33. hxg3 Bd4 $19) 32...
Rf5 33. Bb3 $2 $138 (33. Rb7 Nh8 (33... Bc3 34. g4 Rf3 35. Be2 Ne5 $13) (33...
h5 $5 34. Be2 $13) 34. Nf8+ Kg7 (34... Kg8 $5 35. Nd7) 35. Ne6+ Kg6 36. Nf8+
Kg7 $10 (36... Kg5 $4 37. Nh7+) (36... Kh5 $2 37. Be2+)) 33... Bxg3 $19 34.
fxg3 Rf1+ 35. Kh2 Qb2+ (35... Qb2+ 36. Kh3 Rh1+ 37. Kg4 Rh4+ $3 38. gxh4 Qg2+ {
/\Qf3#}) 0-1

[Event "Sochi Chigorin Memorial"]
[Site "Sochi"]
[Date "1990.??.??"]
[Round "?"]
[White "Luther, Thomas"]
[Black "Ikonnikov, Vyacheslav"]
[Result "0-1"]
[WhiteElo "2385"]
[BlackElo "2485"]
[Annotator "Boensch,U"]
[PlyCount "56"]
[EventDate "1990.10.??"]
[EventType "tourn"]
[EventRounds "11"]
[EventCountry "URS"]
[EventCategory "7"]
[SourceTitle "CBM 021"]
[Source "ChessBase"]
[SourceDate "1991.04.01"]
[SourceVersion "1"]
[SourceVersionDate "1991.04.01"]
[SourceQuality "1"]

1. e4 {Boensch} c5 2. Nf3 Nc6 3. d4 cxd4 4. Nxd4 Nf6 5. Nc3 e5 6. Ndb5 d6 7.
Bg5 a6 8. Na3 Be6 9. Nc4 Rc8 10. Nd5 $6 (10. Bxf6 Qxf6 (10... gxf6 11. Bd3 Ne7
12. Ne3 $14 Bh6 13. O-O (13. Ned5 $5) 13... Bxe3 14. fxe3 Qb6 15. Qf3 h5 16.
Nd5 Bxd5 17. exd5 $13 {Berg,K-Brynell,S Tastrup(3) 1990 -CBM20}) 11. Nb6 Rb8
12. Ncd5 Qd8 13. c3 Be7 14. Bc4 $14 {Karpov - Nunn, London 1982}) 10... Bxd5
11. Bxf6 gxf6 12. exd5 (12. Qxd5 b5 13. Ne3 Ne7 14. Qb7 Qa5+ 15. c3 Rc7 16.
Qa8+ (16. Qb8+ Kd7 $19) 16... Rc8 $10) 12... Ne7 13. c3 f5 14. Qb3 b5 15. Ne3
Bh6 16. a4 Bxe3 $15 17. fxe3 Qb6 18. axb5 Qxe3+ 19. Be2 axb5 20. Qxb5+ Kf8 21.
Rf1 $2 (21. Qd3 Qxd3 (21... Qc5 $15) (21... f4 $17) 22. Bxd3 e4 23. Ba6 Ra8 24.
O-O Nxd5 (24... Kg7 25. Bb7 Rxa1 26. Rxa1 Rb8 27. Ra7 $13) 25. Rxf5 Nc7 26.
Rfa5 $10) 21... Rg8 22. g3 (22. Rf2 $17) 22... f4 $1 23. gxf4 e4 $1 $19 24. f5
Rg2 25. f6 Nxd5 26. Qa6 Re8 27. Rd1 Nxc3 28. Rd2 Nxe2 (28... Nxe2 29. Rxe2 Qc1#
) 0-1

[Event "London WFW"]
[Site "London"]
[Date "1990.??.??"]
[Round "?"]
[White "Wolff, Patrick G"]
[Black "Tisdall, Jonathan D"]
[Result "1-0"]
[WhiteElo "2500"]
[BlackElo "2480"]
[Annotator "Boensch,U"]
[PlyCount "57"]
[EventDate "1990.04.??"]
[EventType "tourn"]
[EventRounds "13"]
[EventCountry "ENG"]
[EventCategory "11"]
[SourceTitle "CBM 018"]
[Source "ChessBase"]
[SourceDate "1990.10.01"]
[SourceVersion "1"]
[SourceVersionDate "1990.10.01"]
[SourceQuality "1"]

1. e4 {Bönsch} c5 2. Nf3 Nc6 3. d4 cxd4 4. Nxd4 e5 5. Nb5 d6 6. a4 Be6 (6... f5
7. N1c3 a6 8. Bg5 Qxg5 9. Nc7+ Kd8 10. Nxa8 Nf6 11. Nb6 fxe4 12. Nxc8 Kxc8 13.
Nd5 Nxd5 14. Qxd5 Nd4 15. Qxe4 $16 {Ivanov,I - Makarov UdSSR 1987}) (6... Be7 {
- CBM 9}) 7. N1c3 a6 8. Na3 Rc8 9. Bc4 Nf6 10. O-O Be7 11. Bg5 O-O 12. Bxf6
Bxf6 13. Nd5 Bg5 14. c3 Kh8 (14... Ne7 15. Qd3 $14) 15. Qd3 f5 16. Ne3 fxe4 17.
Qxe4 Rf4 18. Qd3 Qg8 19. Bxe6 Qxe6 20. Qd5 Qg6 21. Rad1 Rcf8 22. Nac4 e4 23.
Qxd6 b5 24. Qxg6 hxg6 25. axb5 axb5 26. Rd5 $1 (26. Nd6 Rxf2 $1 27. Rxf2 Bxe3
28. Nxe4 Rf4 $13) 26... bxc4 27. Rxg5 Rb8 28. g3 Rf6 29. Nxc4 1-0

[Event "URS-sf"]
[Site "Daugavpils"]
[Date "1989.??.??"]
[Round "?"]
[White "Vitolinsh, Alvis"]
[Black "Akopian, Vladimir Eduardovic"]
[Result "1/2-1/2"]
[WhiteElo "2425"]
[BlackElo "2525"]
[Annotator "Boensch,U"]
[PlyCount "80"]
[EventDate "1989.11.??"]
[EventType "tourn"]
[EventRounds "15"]
[EventCountry "URS"]
[EventCategory "9"]
[SourceTitle "CBM 016"]
[Source "ChessBase"]
[SourceDate "1990.06.01"]
[SourceVersion "1"]
[SourceVersionDate "1990.06.01"]
[SourceQuality "1"]

1. e4 {Bönsch} c5 2. Nf3 Nc6 3. d4 cxd4 4. Nxd4 Nf6 5. Nc3 Qb6 6. Be3 {N 6.Sb3;
6.Sdb5} Ng4 (6... Qxb2 7. Ndb5 $13) 7. Nd5 (7. Qxg4 $2 Qxb2 8. Nb3 Qxc3+ 9. Bd2
Qxc2 $17) 7... Nxe3 8. Nxb6 Nxd1 9. Nxa8 Nxb2 10. Nc7+ Kd8 11. Ncb5 Nxd4 12.
Nxd4 Na4 $44 13. Bb5 Nc5 14. f3 e6 15. a4 g6 16. Nb3 a6 17. Bd3 b6 18. Ke2 Kc7
19. h4 h5 20. g4 Bb7 21. g5 a5 22. Nxc5 Bxc5 23. f4 d5 24. Kf3 Rd8 25. Rhd1 Bc6
26. e5 $10 Bb4 27. Rdb1 Kb7 28. Rb3 Rc8 29. Ra2 Ka7 30. Ke2 Bb7 31. Rab2 Ba6
32. Bxa6 Kxa6 33. c3 Bc5 34. Kd3 Rc6 35. Rc2 Kb7 36. c4 d4 37. Rcb2 Rc8 38. Rb5
Kc6 39. Re2 Re8 40. Rb1 Re7 1/2-1/2

[Event "Cannes team g/60"]
[Site "Cannes"]
[Date "1992.??.??"]
[Round "2"]
[White "Santo Roman, Marc"]
[Black "Benjamin, Joel"]
[Result "0-1"]
[WhiteElo "2495"]
[BlackElo "2555"]
[Annotator "Boensch,U"]
[PlyCount "50"]
[EventDate "1992.02.??"]
[EventType "team"]
[EventRounds "6"]
[EventCountry "FRA"]
[SourceTitle "CBM 028"]
[Source "ChessBase"]
[SourceDate "1992.06.01"]
[SourceVersion "1"]
[SourceVersionDate "1992.06.01"]
[SourceQuality "1"]

1. e4 c5 2. Nf3 Nc6 3. d4 cxd4 4. Nxd4 Qb6 5. Nb3 Nf6 6. Nc3 e6 7. Be3 Qc7 8.
f4 d6 9. Bd3 a6 10. a4 b6 11. O-O Be7 12. Qf3 O-O 13. a5 {N} (13. Rae1 Bb7 14.
Qh3 Nb4 15. Nd4 Rfe8 16. Kh1 Bf8 $10 {Moiseev,V-Schlueter,W Vienna op 1991})
13... bxa5 14. e5 dxe5 15. fxe5 Nd7 16. Qh3 g6 17. Bh6 Ncxe5 $1 (17... Re8 18.
Rxf7 $1 Kxf7 19. Qxe6+ $3 Kxe6 20. Bc4+ Kxe5 21. Re1+ Kf6 (21... Kf5 22. Be6+
Kf6 23. Nd5#) (21... Kd6 22. Re6#) 22. Nd5+ Kf5 23. Rf1+ $18) 18. Bxf8 Bxf8 $15
19. Ne4 f5 20. Nxa5 $6 (20. Ng5) 20... Rb8 (20... fxe4 21. Qxe6+ Kh8 22. Bxe4
$13) 21. Ng5 $2 (21. Nf2 $17) 21... Nf6 22. b3 Nfg4 $19 23. Qg3 Bd6 $1 24. h3
Nxd3 25. Qxd3 Bc5+ {Boensch} 0-1

[Event "New York Manhattan"]
[Site "New York"]
[Date "1990.??.??"]
[Round "9"]
[White "Abramovic, Bosko"]
[Black "Fishbein, Alexander"]
[Result "0-1"]
[WhiteElo "2495"]
[BlackElo "2470"]
[Annotator "Boensch,U"]
[PlyCount "72"]
[EventDate "1990.04.??"]
[EventType "tourn"]
[EventRounds "9"]
[EventCountry "USA"]
[EventCategory "10"]
[SourceTitle "CBM 019"]
[Source "ChessBase"]
[SourceDate "1990.12.01"]
[SourceVersion "1"]
[SourceVersionDate "1990.12.01"]
[SourceQuality "1"]

1. e4 {Bönsch} c5 2. Nf3 Nc6 3. d4 cxd4 4. Nxd4 Qb6 5. Nb3 Nf6 6. Nc3 e6 7. Be3
(7. Bd3 Bb4 8. O-O O-O 9. Bg5 Bxc3 10. bxc3 Ne8 11. Qh5 f6 12. Be3 Qc7 13. f4
Ne7 $6 {13...b6; 13...d6} 14. f5 e5 15. c4 $16 {Kindermann - Bönsch, München
1990}) 7... Qc7 8. Bd3 a6 9. f4 d6 10. Qe2 Be7 11. g4 (11. O-O) 11... b5 12.
O-O-O Nd7 13. g5 Nb4 14. Rhg1 Nxd3+ 15. Qxd3 b4 16. Nb1 a5 $15 17. Nd4 Nc5 18.
Qb5+ Bd7 19. Qc4 Qb7 20. Nd2 O-O (20... Nxe4 21. Nxe6) 21. f5 Rfc8 22. g6 fxg6
23. fxg6 (23. fxe6 Nxe6 24. Qd5 Qxd5 25. exd5 Nxd4 26. Bxd4 Bf5 $19) 23... a4
24. Qf1 b3 25. N2xb3 (25. Qf7+ Kh8 26. Bh6 Nd3+ 27. Kb1 bxa2+ 28. Kxa2 Qxb2#)
25... axb3 26. gxh7+ Kh8 27. Rxg7 Nd3+ $1 (27... Kxg7 28. h8=Q+ $13) 28. Rxd3
bxa2 29. Rg8+ $8 Rxg8 30. hxg8=Q+ Kxg8 31. Qg2+ Kf7 32. Qf3+ Bf6 33. Qh5+ Kf8
34. Bh6+ Ke7 35. Bg5 a1=Q+ 36. Kd2 Qa5+ 0-1

[Event "Wuerzburg op 12th"]
[Site "Wuerzburg"]
[Date "1996.??.??"]
[Round "3.4"]
[White "Klovans, Janis"]
[Black "Schoenau, Werner"]
[Result "1-0"]
[WhiteElo "2520"]
[BlackElo "2300"]
[Annotator "Bulletin"]
[PlyCount "91"]
[EventDate "1996.??.??"]
[EventType "swiss"]
[EventRounds "7"]
[EventCountry "GER"]
[SourceTitle "EXT 1999"]
[Source "ChessBase"]
[SourceDate "1998.11.16"]
[SourceVersion "1"]
[SourceVersionDate "1998.11.16"]
[SourceQuality "1"]

1. e4 c5 2. Nf3 Nc6 3. d4 cxd4 4. Nxd4 Nf6 5. Nc3 e5 6. Ndb5 d6 7. Bg5 a6 8.
Na3 b5 9. Bxf6 gxf6 10. Nd5 f5 11. Bd3 Be6 12. Qh5 Rg8 13. g3 Rg4 14. f4 Bg7
15. O-O-O exf4 16. Nxf4 Rxf4 17. gxf4 Qf6 18. e5 dxe5 19. fxe5 Qxe5 20. c3 b4 {
(21..Sb4!)} 21. Rhe1 Qf4+ 22. Kb1 Kf8 23. Rf1 Qe5 24. Nc4 Qc5 25. Rxf5 Bxf5 26.
Qxf5 Qxf5 27. Bxf5 bxc3 28. bxc3 Ne7 (28... Bxc3 29. Be4 Rc8 30. Rc1 Bd4 {
und jetzt kann Schwarz auf Sd6 mit Tb8+ antworten}) 29. Be4 Rb8+ 30. Kc2 f5 $2
31. Bxf5 Nxf5 32. Rf1 Rb5 33. Nd6 Rc5 34. Rxf5+ Rxf5 35. Nxf5 Be5 36. h3 Kf7
37. Kd3 Ke6 38. Nd4+ Kd5 39. Nc2 Kc5 40. a4 Bf6 41. Nb4 a5 42. Nc2 Bg5 43. Nd4
Bf6 44. Nb3+ Kb6 45. c4 Bg7 46. c5+ 1-0

[Event "Wch U18"]
[Site "Duisburg"]
[Date "1992.??.??"]
[Round "5"]
[White "Rublevsky, Sergei"]
[Black "Aghamaliyev, Cemil"]
[Result "0-1"]
[WhiteElo "2535"]
[BlackElo "2350"]
[Annotator "Bulletin"]
[PlyCount "76"]
[EventDate "1992.??.??"]
[EventType "swiss"]
[EventRounds "11"]
[EventCountry "GER"]
[SourceTitle "TD"]
[Source "ChessBase"]
[SourceDate "1994.03.01"]
[SourceVersion "1"]
[SourceVersionDate "1994.03.01"]
[SourceQuality "1"]

1. e4 c5 2. Nc3 Nc6 3. Nge2 Nf6 4. d4 cxd4 5. Nxd4 e5 6. Ndb5 d6 7. a4 a6 8.
Na3 Be6 9. Bc4 Rc8 10. Bg5 Be7 11. Bxf6 Bxf6 12. Nd5 O-O 13. O-O Bg5 14. c3 Kh8
15. Qc2 f5 16. Rad1 f4 17. Qd3 f3 18. g3 Bh3 19. Rfe1 Qe8 20. Nc2 Qh5 21. Nce3
Ne7 22. Nxe7 Bxe7 23. Bd5 Rf6 24. Nf5 Bg2 25. Qe3 (25. Nxe7 Qxh2+ $1 26. Kxh2
Rh6+ 27. Kg1 Rh1#) 25... Qh3 26. Qg5 (26. Nxe7 Bf1) 26... Rf7 27. Nxe7 Rxe7 (
27... Bf1 28. Ng6+ $1 hxg6 (28... Kg8 29. Bxf7+ Kxf7 30. Qf5+ $18) 29. Qh4+
Qxh4 30. gxh4 $18) 28. Qf5 h5 29. Qxh3 Bxh3 30. Rd3 Rf8 31. Ree3 Bg2 32. c4 h4
33. Rd2 Rb8 34. Rb3 b5 35. axb5 axb5 36. cxb5 Rc7 37. Rd1 hxg3 38. hxg3 Rc2 0-1

[Event "EU-chT (Men) 10th"]
[Site "Debrecen"]
[Date "1992.11.??"]
[Round "7.2"]
[White "Adams, Michael"]
[Black "Beliavsky, Alexander G"]
[Result "1/2-1/2"]
[WhiteElo "2620"]
[BlackElo "2620"]
[Annotator "Bulletin"]
[PlyCount "107"]
[EventDate "1992.11.20"]
[EventType "team-swiss"]
[EventRounds "9"]
[EventCountry "HUN"]
[SourceTitle "EU-chT"]
[Source "ChessBase"]
[SourceDate "1999.07.01"]
[SourceVersion "2"]
[SourceVersionDate "1999.07.01"]
[SourceQuality "1"]
[WhiteTeam "England"]
[BlackTeam "Ukraine"]
[WhiteTeamCountry "ENG"]
[BlackTeamCountry "UKR"]

1. e4 c5 2. Nf3 Nc6 3. d4 cxd4 4. Nxd4 Nf6 5. Nc3 e5 6. Ndb5 d6 7. Bg5 a6 8.
Na3 b5 9. Bxf6 gxf6 10. Nd5 Bg7 11. c3 f5 12. exf5 Bxf5 13. Nc2 O-O 14. Nce3
Be6 15. Bd3 f5 16. Qh5 e4 17. Bc2 Ne7 18. Bb3 Nxd5 19. Nxd5 (19. Bxd5 $5 Bxd5
20. Nxd5 a5 21. O-O b4 22. f3 bxc3 23. bxc3 e3 $132) 19... a5 20. Nf4 Bxb3 21.
axb3 Qe7 22. O-O b4 $5 23. cxb4 Qe5 24. Qg5 (24. Nh3 f4 (24... axb4 $2 25. Rxa8
Rxa8 26. Ng5 h6 27. Qf7+ Kh8 28. Qb7 Qe8 $8 29. Nf7+ Kh7 30. Nxd6 $16) 25. Qxe5
Bxe5 26. bxa5 Rfb8 27. Ng5 e3 $44) 24... axb4 25. Rad1 Ra2 26. Nh5 f4 $10 27.
Qg4 $2 (27. Qxg7+ Qxg7 28. Nxg7 Kxg7 29. Rxd6 Rxb2 30. Rd4 f3 31. g3 Rxb3 32.
Rxe4 Rb8 $10) 27... Ra7 $1 28. Rc1 Qf5 29. Qxf5 Rxf5 30. Nxg7 Kxg7 31. Rc4 d5
32. Rxb4 Rc7 $1 33. Rd1 $6 (33. g4 $142 $1 fxg3 (33... Rg5 34. f3 Rc2 35. h4
Rg6 36. g5 h6 37. Rb7+ $10) 34. hxg3 Rc2 35. Rd4 Kf6 36. f3 $1 Ke5 (36... exf3
37. g4 $1 $10) 37. Rfd1 Rxf3 38. Rxd5+ Ke6 39. R5d2 Rxg3+ 40. Kf1 $15) 33...
Rc2 34. Rbd4 Kf6 35. h3 Ke6 36. Rb1 Ke5 37. Rbd1 Ke6 38. Rb1 Kd6 $6 (38... f3
$1 39. gxf3 (39. g4 Rg5 40. b4 h5 $19) 39... Rxf3 40. Rbd1 Rf5 $1 41. R4d2 Rxd2
42. Rxd2 Rf3 43. Kg2 Rxb3 $19) 39. b4 e3 $2 (39... f3 $142) 40. fxe3 fxe3 41.
Rd3 $15 Rff2 42. Rxe3 Rxg2+ 43. Kh1 Rxb2 44. Rd1 Rg5 45. Rd4 Re5 46. Rg3 $1
Re1+ 47. Rg1 Re4 48. Rxe4 dxe4 49. Rg4 Ke5 50. Kg1 Rxb4 51. Rh4 Rb7 52. Kf2 Kd4
53. Ke2 Rb2+ 54. Kf1 1/2-1/2

[Event "EU-chT (Men) 10th"]
[Site "Debrecen"]
[Date "1992.11.??"]
[Round "8.2"]
[White "Beliavsky, Alexander G"]
[Black "Spasov, Vasil"]
[Result "1/2-1/2"]
[WhiteElo "2620"]
[BlackElo "2550"]
[Annotator "Bulletin"]
[PlyCount "65"]
[EventDate "1992.11.20"]
[EventType "team-swiss"]
[EventRounds "9"]
[EventCountry "HUN"]
[SourceTitle "EU-chT"]
[Source "ChessBase"]
[SourceDate "1999.07.01"]
[SourceVersion "2"]
[SourceVersionDate "1999.07.01"]
[SourceQuality "1"]
[WhiteTeam "Ukraine"]
[BlackTeam "Bulgaria"]
[WhiteTeamCountry "UKR"]
[BlackTeamCountry "BUL"]

1. e4 c5 2. Nf3 Nc6 3. d4 cxd4 4. Nxd4 Nf6 5. Nc3 e5 6. Ndb5 d6 7. Bg5 a6 8.
Na3 b5 9. Bxf6 gxf6 10. Nd5 Bg7 11. Bd3 Ne7 12. Nxe7 Qxe7 13. c4 f5 14. O-O O-O
15. Qh5 Qb7 16. Rfe1 d5 17. exd5 e4 18. Bf1 Bxb2 19. Rab1 Bg7 20. Nc2 (20. Red1
$142 $1) 20... Qd7 (20... Qb6 21. cxb5 axb5 22. Rxb5 Qg6 $13) 21. g3 bxc4 22.
Ne3 f4 23. gxf4 (23. Nxc4 $1 Qf5 24. Qxf5 Bxf5 25. Nd6 Bg6 26. Nxe4 fxg3 27.
hxg3 Rae8 28. Bg2 Re5 $14) 23... c3 24. f5 Qd6 25. Bg2 Re8 26. Kh1 Rb8 27. Rxb8
Qxb8 28. Rg1 Qf4 29. d6 Qxf2 (29... Qxd6 30. Bf1 Qf4 31. Bc4 Rf8 32. Nd5 Qe5
33. f6 $3 Qxh5 34. Ne7+ Kh8 35. fxg7#) 30. Bxe4 (30. Ng4 Qxf5 $3 31. Nh6+ Bxh6
32. Bh3+ Qg6 33. Qxh6 e3 34. d7 $1 Bxd7 35. Bxd7 Re5 36. Bf5 Rxf5 37. Rxg6+
hxg6 38. Qxe3 a5 $10) 30... Rxe4 (30... Qxe3 $2 31. Bd5 Kh8 32. Qxf7 Qe5 33. f6
$18) 31. Qg5 Qf3+ 32. Rg2 Qd1+ $1 33. Rg1 (33. Rg1 Rg4 $2 34. Qd8+ Bf8 35. Rxd1
Bb7+ 36. Rd5 $1 c2 37. Qc7 $18) 1/2-1/2